[Event "Ambelokipi op 137th"]
[Site "Athens"]
[Date "2013.10.16"]
[Round "6"]
[White "Loupos, Vasilios"]
[Black "Sidiropoulos, Leonidas"]
[Result "1-0"]
[WhiteElo "2005"]
[BlackElo "1786"]
[PlyCount "33"]
[EventDate "2013.09.11"]
[EventType "swiss"]
[EventRounds "7"]
[EventCountry "GRE"]
[SourceTitle "EXT 2024"]
[Source "ChessBase"]
[SourceDate "2023.10.10"]
[SourceVersion "1"]
[SourceVersionDate "2023.10.10"]
[SourceQuality "1"]

1. d4 Nf6 2. Nf3 e6 3. e3 c5 4. Bd3 Nc6 5. 0-0 d5 6. b3 Bd6 7. Bb2 0-0 8. Nbd2 Nd7 9. c4 f5 10. Rc1 b6 11. cxd5 exd5 12. Bb5 Bb7 13. dxc5 bxc5 14. Nc4 Nf6 15. Bxf6 Qxf6 16. Qxd5+ Kh8 17. Qxd6 1-0

[Event "Nikeas Spring op A"]
[Site "Nikea"]
[Date "2013.05.07"]
[Round "2.2"]
[White "Kalofonos, Panayotis"]
[Black "Sidiropoulos, Leonidas"]
[Result "0-1"]
[WhiteElo "1883"]
[BlackElo "1936"]
[PlyCount "80"]
[EventDate "2013.05.07"]
[EventType "swiss"]
[EventRounds "7"]
[EventCountry "GRE"]
[SourceTitle "EXT 2024"]
[Source "ChessBase"]
[SourceDate "2023.10.10"]
[SourceVersion "1"]
[SourceVersionDate "2023.10.10"]
[SourceQuality "1"]

1. e4 g6 2. d4 Bg7 3. Nc3 c6 4. f4 d5 5. e5 Nh6 6. Nf3 Bg4 7. h3 Bxf3 8. Qxf3 0-0 9. Be3 f6 10. exf6 exf6 11. Bd3 f5 12. 0-0-0 b5 13. g4 Na6 14. gxf5 Nxf5 15. Bxf5 Rxf5 16. Ne2 Qa5 17. Kb1 Nb4 18. Nc1 Qc7 19. c3 Na6 20. Nd3 Qd6 21. b4 Nc7 22. Rhf1 a5 23. a3 Ne6 24. Qg4 axb4 25. axb4 c5 26. bxc5 Qa6 27. Nb4 Qa3 28. Kc2 Nxc5 29. Rb1 Qa4+ 30. Kd2 Ne4+ 31. Kd3 Re8 32. Rfc1 Qa7 33. Qd1 Qe7 34. Qf3 Ng5 35. Qg3 Qe4+ 36. Ke2 Ne6 37. Kd2 Nxf4 38. Re1 Ng2 39. Re2 Nxe3 40. Rxe3 Bh6 0-1

[Event "Athens Siaperas Memorial 9th"]
[Site "Athens"]
[Date "2013.02.27"]
[Round "6"]
[White "Koutoukidis, Panagiotis"]
[Black "Sidiropoulos, Leonidas"]
[Result "1-0"]
[WhiteElo "2192"]
[BlackElo "1766"]
[PlyCount "53"]
[EventDate "2013.02.09"]
[EventType "swiss"]
[EventRounds "7"]
[EventCountry "GRE"]
[SourceTitle "EXT 2024"]
[Source "ChessBase"]
[SourceDate "2023.10.10"]
[SourceVersion "1"]
[SourceVersionDate "2023.10.10"]
[SourceQuality "1"]

1. c4 c5 2. Nf3 g6 3. e4 Bg7 4. d4 d6 5. Nc3 Bg4 6. d5 Nd7 7. Be2 Ngf6 8. Bf4 Bxf3 9. Bxf3 Ne5 10. Be2 h6 11. 0-0 g5 12. Be3 Qd7 13. f4 gxf4 14. Rxf4 0-0-0 15. Rb1 h5 16. Rf5 Nxe4 17. Rxh5 Nf6 18. Rxe5 dxe5 19. b4 Rh4 20. bxc5 Rdh8 21. c6 bxc6 22. Qa4 Qc7 23. Qa6+ Kd8 24. Rb7 Qc8 25. Qxa7 Nd7 26. Rxd7+ Qxd7 27. Bb6+ 1-0

[Event "Petroupoli op 6th"]
[Site "Petroupoli"]
[Date "2011.11.02"]
[Round "6"]
[White "Sidiropoulos, Leonidas"]
[Black "Sienczewski, Zbigniew"]
[Result "1-0"]
[WhiteElo "1745"]
[BlackElo "2084"]
[PlyCount "81"]
[EventDate "2011.10.15"]
[EventType "swiss"]
[EventRounds "7"]
[EventCountry "GRE"]
[SourceTitle "EXT 2013"]
[Source "ChessBase"]
[SourceDate "2012.11.22"]
[SourceVersion "1"]
[SourceVersionDate "2012.11.22"]
[SourceQuality "1"]

1. d4 Nf6 2. c4 c5 3. d5 b5 4. Nf3 d6 5. Qc2 g6 6. e4 b4 7. h3 Bg7 8. Bf4 0-0 9. Bd3 Nbd7 10. 0-0 a5 11. Nbd2 a4 12. Rfe1 Nh5 13. Bh2 Ne5 14. Nxe5 dxe5 15. Nf3 f6 16. g4 Nf4 17. Bxf4 exf4 18. e5 a3 19. b3 Qc7 20. Re2 Bd7 21. Rae1 Rae8 22. e6 Bc8 23. h4 Rd8 24. h5 f5 25. gxf5 gxh5 26. f6 Bxf6 27. Bxh7+ Kh8 28. Ne5 Rg8+ 29. Bxg8 Rxg8+ 30. Kh1 Rg7 31. Nf7+ Kg8 32. Qf5 Kf8 33. Qxh5 Bd7 34. Rg1 Rxg1+ 35. Kxg1 Be8 36. Re4 Kg8 37. Qg6+ Bg7 38. Nh6+ Kf8 39. Qh7 Bxh6 40. Qxh6+ Kg8 41. Rxf4 1-0

[Event "GRE-ch U20"]
[Site "Greece"]
[Date "2009.01.07"]
[Round "8"]
[White "Sidiropoulos, Leonidas"]
[Black "Papadopoulos, Georgios1111"]
[Result "1-0"]
[WhiteElo "1683"]
[BlackElo "1664"]
[PlyCount "77"]
[EventDate "2009.01.02"]
[EventType "swiss"]
[EventRounds "9"]
[EventCountry "GRE"]
[SourceTitle "EXT 2011"]
[Source "ChessBase"]
[SourceDate "2010.11.26"]
[SourceVersion "1"]
[SourceVersionDate "2010.11.26"]
[SourceQuality "1"]

1. d4 Nf6 2. c4 e6 3. a3 b6 4. Nc3 Bb7 5. d5 d6 6. e4 e5 7. Be3 Nbd7 8. Bd3 g6 9. f3 Bg7 10. Nge2 0-0 11. Qd2 a5 12. g4 h5 13. Rg1 Nc5 14. Bc2 Ba6 15. b3 hxg4 16. fxg4 Qd7 17. h3 c6 18. b4 axb4 19. axb4 Nb7 20. dxc6 Qxc6 21. b5 Bxb5 22. Rxa8 Rxa8 23. cxb5 Qd7 24. Bxb6 Qe6 25. Nd5 Ra1+ 26. Kf2 Ra2 27. Nxf6+ Qxf6+ 28. Kg2 Ra3 29. Rf1 Qh4 30. Bd3 Bh6 31. Be3 Nc5 32. Nc1 Nxe4 33. Qe1 Ng3 34. Bxh6 Qxh6 35. Qxg3 Qd2+ 36. Qf2 Qc3 37. Qxf7+ Kh8 38. Qf8+ Kh7 39. Rf7# 1-0

[Event "Peiraikos 60th Anniv op"]
[Site "Piraeus"]
[Date "2006.09.02"]
[Round "1"]
[White "Sidiropoulos, Leonidas"]
[Black "Tsomis, Dimitrios"]
[Result "0-1"]
[WhiteElo "1270"]
[BlackElo "2203"]
[PlyCount "80"]
[EventDate "2006.09.02"]
[EventType "swiss"]
[EventRounds "7"]
[EventCountry "GRE"]
[SourceTitle "EXT 2008"]
[Source "ChessBase"]
[SourceDate "2007.11.25"]
[SourceVersion "1"]
[SourceVersionDate "2007.11.25"]
[SourceQuality "1"]

1. d4 Nf6 2. Nf3 c5 3. g3 e6 4. Bg5 Nc6 5. Bxf6 Qxf6 6. c3 d5 7. Bg2 Bd6 8. 0-0 0-0 9. dxc5 Bxc5 10. Nbd2 b6 11. Nb3 Be7 12. Nbd4 Nxd4 13. Qxd4 Ba6 14. Qxf6 Bxf6 15. Rfe1 Rac8 16. e4 dxe4 17. Rxe4 Bb7 18. Ree1 Rfd8 19. Red1 Kf8 20. Nd2 Bxg2 21. Kxg2 Rd3 22. Ne4 Rcd8 23. Rxd3 Rxd3 24. Nxf6 gxf6 25. c4 Rd2 26. b3 Ke7 27. Kf3 f5 28. h3 h5 29. Ke3 Rb2 30. h4 e5 31. Kf3 Ke6 32. Ke3 f6 33. Kf3 e4+ 34. Ke3 Ke5 35. f3 Rg2 36. fxe4 fxe4 37. Rd1 Rxg3+ 38. Kf2 Kf4 39. Rd7 e3+ 40. Ke1 Kf3 0-1